| 000 | 00795 a2200265 4500 | ||
|---|---|---|---|
| 003 | OSt | ||
| 005 | 20180116192404.0 | ||
| 008 | 120703t xxu||||| |||| 00| 0 eng d | ||
| 010 | _a 2006283960 | ||
| 020 | _a0714846058 (pbk.) | ||
| 020 | _a9780714846057 | ||
| 035 | _a(OCoLC)ocm65468356 | ||
| 040 | _c0 | ||
| 082 | 0 | 4 | _a778.73 |
| 100 | 1 |
_aDoubilet, David. _95491 |
|
| 245 | 1 | 0 |
_aWater light time / _cDavid Doubilet. |
| 260 |
_aLondon : _bPhaidon, _c1999. |
||
| 300 |
_a1 v. (unpaged) : _bcol. ill. ; _c24 x 34 cm. |
||
| 500 | _aOriginally published: 1999. | ||
| 600 | 1 | 0 |
_aDoubilet, David. _95492 |
| 650 | 1 | 0 |
_aUnderwater photography. _95493 |
| 650 | 1 | 0 |
_aMarine biology _95494 |
| 942 |
_aSADA _cBK _k778.73 DOU 1999 _2ddc |
||
| 999 |
_c353378 _d353378 |
||